[Event "Bunratty Masters"]
[Site "Bunratty"]
[Date "2000.02.12"]
[Round "2"]
[White "Orr, Mark JL"]
[Black "O'Cinneide, Mel"]
[Result "1-0"]
[WhiteElo "2309"]
[BlackElo "2244"]
[PlyCount "78"]
[EventDate "2000.02.11"]
[EventType "swiss"]
[EventRounds "6"]
[EventCountry "IRL"]
[SourceTitle "EXT 2021"]
[Source "ChessBase"]
[SourceDate "2020.10.23"]
[SourceVersion "1"]
[SourceVersionDate "2020.10.23"]
[SourceQuality "1"]

1. d4 Nf6 2. Bg5 c5 3. Bxf6 gxf6 4. d5 Qb6 5. Qc1 f5 6. g3 Bh6 7. e3 e5 8. Ne2 d6 9. Bh3 Na6 10. Bg2 Rg8 11. 0-0 Bd7 12. Na3 Nc7 13. c4 Qa5 14. Nc2 a6 15. a3 b5 16. b3 bxc4 17. bxc4 Qa4 18. Ne1 Rb8 19. Nf3 Ke7 20. Nd2 Na8 21. Nc3 Qa5 22. Qc2 Rb7 23. Ra2 Rgb8 24. f4 Bg7 25. fxe5 Bxe5 26. Nd1 Qa4 27. Qd3 Rb3 28. Nxb3 Rxb3 29. Qc2 Nb6 30. Bh3 Rxa3 31. Qxa4 Rxa4 32. Rxa4 Bxa4 33. Bxf5 h6 34. Bd3 Bb3 35. Nf2 a5 36. Ne4 Nxc4 37. Rb1 a4 38. Rxb3 Nxe3 39. Rb7+ Kf8 1-0

[Event "Kilkenny Masters"]
[Site "Kilkenny"]
[Date "1999.11.26"]
[Round "1"]
[White "O'Cinneide, Mel"]
[Black "Adams, Michael"]
[Result "0-1"]
[WhiteElo "2252"]
[BlackElo "2708"]
[PlyCount "64"]
[EventDate "1999.11.26"]
[EventType "swiss"]
[EventRounds "6"]
[EventCountry "IRL"]
[SourceTitle "CBM 073 Extra"]
[Source "ChessBase"]
[SourceDate "2000.01.11"]
[SourceVersion "1"]
[SourceVersionDate "2000.01.11"]
[SourceQuality "1"]

1. Nf3 Nf6 2. c4 e6 3. g3 d5 4. d4 dxc4 5. Bg2 Nc6 6. Qa4 Bb4+ 7. Bd2 Nd5 8. Bxb4 Ndxb4 9. Ne5 Bd7 10. 0-0 0-0 11. Nxc6 Nxc6 12. Qxc4 e5 13. dxe5 Nxe5 14. Qf4 Qe7 15. Nc3 c6 16. Rfd1 f6 17. Rd4 Rfd8 18. Rad1 Be6 19. a3 a5 20. h3 Bb3 21. Rxd8+ Rxd8 22. Rd4 Re8 23. e3 Bf7 24. h4 b5 25. Bf1 h6 26. e4 b4 27. axb4 axb4 28. Nb1 Ba2 29. Rd1 Rd8 30. Rxd8+ Qxd8 31. Qc1 Qd4 32. Nd2 Qxd2 0-1

[Event "EU-Cup 15th Gr2"]
[Site "Reykjavik"]
[Date "1999.09.25"]
[Round "2"]
[White "O'Cinneide, Mel"]
[Black "Trevelyan, John"]
[Result "1/2-1/2"]
[WhiteElo "2252"]
[BlackElo "2128"]
[PlyCount "80"]
[EventDate "1999.09.24"]
[EventType "team-k.o."]
[EventRounds "3"]
[EventCountry "ISL"]
[SourceTitle "EXT 2020"]
[Source "ChessBase"]
[SourceDate "2019.10.17"]
[SourceVersion "1"]
[SourceVersionDate "2019.10.17"]
[SourceQuality "1"]
[WhiteTeam "Dublin Crumlin"]
[BlackTeam "Cardiff"]
[WhiteTeamCountry "IRL"]
[BlackTeamCountry "WLS"]

1. Nf3 Nf6 2. c4 d6 3. g3 e5 4. Bg2 Be7 5. Nc3 0-0 6. 0-0 c6 7. c5 Nbd7 8. cxd6 Bxd6 9. d3 Qe7 10. a3 a5 11. Bd2 Nc5 12. Ng5 Rd8 13. Na4 h6 14. Nb6 hxg5 15. Nxa8 Be6 16. b4 Nb3 17. Nb6 Nxa1 18. Qxa1 axb4 19. axb4 Bxb4 20. Bxg5 Bc5 21. Qb2 Bd4 22. Qb1 Bg4 23. e3 Bxb6 24. Qxb6 Rxd3 25. h3 Be2 26. Re1 Rd1 27. Rxd1 Bxd1 28. Qa7 e4 29. Qb8+ Kh7 30. Qf4 Be2 31. Qf5+ Kg8 32. Qc8+ Qe8 33. Qxb7 Nd5 34. Qb2 Bd3 35. Qd4 f6 36. Bf4 Qe7 37. h4 Qb4 38. Qa1 Nxf4 39. gxf4 c5 40. Qa8+ Kf7 1/2-1/2